[Event "CFriend SL-2003-0-00005 email"]
[Site "Chessfriend.com"]
[Date "2003.03.14"]
[Round "1"]
[White "Che Hassan, Che Ahmed"]
[Black "Mccarthy, Mike"]
[Result "1-0"]
[WhiteElo "884"]
[BlackElo "1046"]
[PlyCount "51"]
[EventDate "2003.03.13"]
[EventType "tourn (corr)"]
[EventRounds "12"]
[SourceTitle "Corr 2024"]
[Source "ChessBase"]
[SourceDate "2023.10.19"]
[SourceVersion "1"]
[SourceVersionDate "2023.10.19"]
[SourceQuality "1"]

1. c4 c5 2. Nc3 Nc6 3. e3 g6 4. g3 Bg7 5. Nge2 Nf6 6. Bg2 0-0 7. a3 d6 8. 0-0 Be6 9. d3 Qd7 10. Rb1 Bh3 11. Nf4 Bxg2 12. Kxg2 Ne5 13. b4 Qc6+ 14. e4 b6 15. Ncd5 Qd7 16. Nxf6+ Bxf6 17. Nd5 Rfe8 18. Nxf6+ exf6 19. Qe2 Qa4 20. b5 a6 21. f4 Nd7 22. Qg4 Nf8 23. Bb2 Qc2+ 24. Kg1 Qxd3 25. Bxf6 Qxe4 26. Qh4 1-0

[Event "CFriend SL-2003-0-00005 email"]
[Site "Chessfriend.com"]
[Date "2003.03.14"]
[Round "1"]
[White "Che Hassan, Che Ahmed"]
[Black "Soule, Larry"]
[Result "0-1"]
[WhiteElo "884"]
[BlackElo "1945"]
[PlyCount "52"]
[EventDate "2003.03.13"]
[EventType "tourn (corr)"]
[EventRounds "12"]
[SourceTitle "Corr 2024"]
[Source "ChessBase"]
[SourceDate "2023.10.19"]
[SourceVersion "1"]
[SourceVersionDate "2023.10.19"]
[SourceQuality "1"]

1. c4 e5 2. Nc3 d6 3. g3 g6 4. Bg2 Bg7 5. e3 Ne7 6. Nge2 c6 7. 0-0 0-0 8. Rb1 Nd7 9. b4 d5 10. cxd5 cxd5 11. Nxd5 Nxd5 12. Bxd5 Nf6 13. Bg2 Bf5 14. Rb2 Bd3 15. Bxb7 Rb8 16. Bg2 Qd6 17. a3 Qa6 18. Re1 Rfc8 19. Nc3 Qxa3 20. Rb1 Qa6 21. Rb2 Qc4 22. Qa4 e4 23. Qxa7 Ra8 24. Qe7 Nd5 25. Nxd5 Ra1 26. Nb6 Qxc1 0-1

[Event "CFriend SL-2003-0-00005 email"]
[Site "Chessfriend.com"]
[Date "2003.03.14"]
[Round "1"]
[White "Che Hassan, Che Ahmed"]
[Black "Trevis, Robert"]
[Result "0-1"]
[WhiteElo "884"]
[BlackElo "1447"]
[PlyCount "56"]
[EventDate "2003.03.13"]
[EventType "tourn (corr)"]
[EventRounds "12"]
[SourceTitle "Corr 2024"]
[Source "ChessBase"]
[SourceDate "2023.10.19"]
[SourceVersion "1"]
[SourceVersionDate "2023.10.19"]
[SourceQuality "1"]

1. c4 e5 2. Nc3 Nf6 3. g3 c6 4. Bg2 d5 5. cxd5 cxd5 6. d4 exd4 7. Qxd4 Nc6 8. Qd1 d4 9. Nb5 Qa5+ 10. Nc3 dxc3 11. bxc3 Bc5 12. Bd2 0-0 13. e3 Be6 14. Ne2 Bc4 15. 0-0 Rfe8 16. Re1 Qa6 17. Nd4 Ne4 18. Qc2 Bd3 19. Qc1 Ba3 20. Qd1 Bb2 21. Qg4 Bxa1 22. Nf5 g6 23. Nh6+ Kg7 24. Nf5+ Kh8 25. Nh6 Qxa2 26. Qd7 Qxd2 27. Nxf7+ Kg7 28. Ng5+ Re7 0-1

[Event "CFriend SL-2003-0-00005 email"]
[Site "Chessfriend.com"]
[Date "2003.03.14"]
[Round "1"]
[White "Foy, Jeffrey"]
[Black "Che Hassan, Che Ahmed"]
[Result "1-0"]
[WhiteElo "1852"]
[BlackElo "884"]
[PlyCount "63"]
[EventDate "2003.03.13"]
[EventType "tourn (corr)"]
[EventRounds "12"]
[SourceTitle "Corr 2024"]
[Source "ChessBase"]
[SourceDate "2023.10.19"]
[SourceVersion "1"]
[SourceVersionDate "2023.10.19"]
[SourceQuality "1"]

1. e4 c5 2. Nf3 Nc6 3. d4 cxd4 4. Nxd4 a6 5. Nc3 e6 6. Be2 d6 7. 0-0 Nf6 8. Be3 Be7 9. a4 0-0 10. f4 Qc7 11. Kh1 Rd8 12. Bd3 Na5 13. Qe2 b6 14. Nb3 Nxb3 15. cxb3 Bd7 16. Bxa6 Bc6 17. Rfc1 Qd7 18. e5 Nd5 19. Nxd5 Bxd5 20. Bxb6 Rdb8 21. Bb5 Qb7 22. Bc7 Rc8 23. exd6 Bd8 24. Bd7 Bxc7 25. Bxc8 Rxc8 26. Rxc7 Rxc7 27. dxc7 Qxc7 28. Qd2 g6 29. b4 f5 30. b5 Bb7 31. Rc1 Qe7 32. b6 1-0

[Event "CFriend SL-2003-0-00005 email"]
[Site "Chessfriend.com"]
[Date "2003.03.14"]
[Round "1"]
[White "Just, Bent"]
[Black "Che Hassan, Che Ahmed"]
[Result "1-0"]
[WhiteElo "1595"]
[BlackElo "884"]
[PlyCount "77"]
[EventDate "2003.03.13"]
[EventType "tourn (corr)"]
[EventRounds "12"]
[SourceTitle "Corr 2024"]
[Source "ChessBase"]
[SourceDate "2023.10.19"]
[SourceVersion "1"]
[SourceVersionDate "2023.10.19"]
[SourceQuality "1"]

1. Nc3 c5 2. Nf3 Nc6 3. d4 cxd4 4. Nxd4 a6 5. e3 e6 6. Nxc6 bxc6 7. Bd3 d5 8. Qh5 Nf6 9. Qg5 g6 10. f4 Bg7 11. Bd2 0-0 12. 0-0-0 c5 13. e4 c4 14. Be2 Qb6 15. e5 Nd7 16. Qg3 Rb8 17. Na4 Qb5 18. b3 Qb7 19. Bc3 cxb3 20. axb3 Qc6 21. Rhe1 Nb6 22. Nxb6 Rxb6 23. Bd4 Rb4 24. Rd3 a5 25. Rc3 Qb7 26. Bc5 a4 27. Ba6 Qxa6 28. Bxb4 a3 29. Bxf8 Bxf8 30. Qh4 a2 31. Kb2 Ba3+ 32. Ka1 Bb7 33. Qd8+ Bf8 34. Rc7 Qb6 35. Qd7 Qd4+ 36. Kxa2 Qa7+ 37. Kb1 Qa5 38. Qxf7+ Kh8 39. Qxh7# 1-0

[Event "CFriend SL-2003-0-00004 email"]
[Site "Chessfriend.com"]
[Date "2003.02.19"]
[Round "1"]
[White "Che Hassan, Che Ahmed"]
[Black "Dumins, Ilja"]
[Result "1/2-1/2"]
[WhiteElo "964"]
[BlackElo "1356"]
[PlyCount "40"]
[EventDate "2003.02.19"]
[EventType "tourn (corr)"]
[EventRounds "12"]
[SourceTitle "Corr 2024"]
[Source "ChessBase"]
[SourceDate "2023.10.19"]
[SourceVersion "1"]
[SourceVersionDate "2023.10.19"]
[SourceQuality "1"]

1. c4 e5 2. Nc3 Nc6 3. g3 g6 4. Bg2 Bg7 5. e3 d6 6. Nge2 Nge7 7. 0-0 0-0 8. d3 Bd7 9. Rb1 Qc8 10. b4 Bh3 11. a4 Bxg2 12. Kxg2 Bh6 13. f3 a6 14. d4 exd4 15. Nxd4 Nxd4 16. Qxd4 Nf5 17. Qd3 Ne7 18. Nd5 Nxd5 19. cxd5 Bg7 20. Bb2 Bxb2 1/2-1/2

[Event "CFriend SL-2003-0-00004 email"]
[Site "Chessfriend.com"]
[Date "2003.02.19"]
[Round "1"]
[White "Che Hassan, Che Ahmed"]
[Black "Xyko, Kenny"]
[Result "0-1"]
[WhiteElo "964"]
[BlackElo "1399"]
[PlyCount "48"]
[EventDate "2003.02.19"]
[EventType "tourn (corr)"]
[EventRounds "12"]
[SourceTitle "Corr 2024"]
[Source "ChessBase"]
[SourceDate "2023.10.19"]
[SourceVersion "1"]
[SourceVersionDate "2023.10.19"]
[SourceQuality "1"]

1. c4 c6 2. Nc3 e6 3. g3 d5 4. cxd5 exd5 5. d4 Nf6 6. Bg2 Qb6 7. e3 Bd6 8. a3 Bf5 9. Nge2 0-0 10. b4 Nbd7 11. 0-0 Rfe8 12. Na4 Qc7 13. Bd2 Nb6 14. Nxb6 axb6 15. Qb3 Ne4 16. Qb2 b5 17. Rfd1 Ng5 18. Rdc1 Bg4 19. Nc3 Qe7 20. Rf1 Nf3+ 21. Kh1 Qg5 22. Nb1 Qh5 23. h4 Nxh4 24. Nc3 Nf3+ 0-1